00290nam a2200121Ia 4500008004100000082001400041100001800055245003300073250000800106260002400114300000900138650002100147150301s2014 xx 000 0 und d a610bM14A aALAGAPPAN, R. aMANUAL OF PRACTICAL MEDICINE a5TH bJAYPEEaDELHIc2014 a1022 aGENERAL MEDICINE